000 01599nam a2200409 a 4500
001 20834
003 VRT
005 20260204173643.0
008 240318s1994 xo slo
020 _a8085186772
_q(viaz.)
_c185.00
035 _aSKPK9836
035 _aurn:nbn:sk:snk-amljxz
035 _aurn:nbn:sk:snk-am00bnwx
035 _a17EDF8E4-C7BA-4849-9C76-0C97D611AE03
039 9 _a202403181818
_bVLOAD
_c202203112053
_dAUTHORITY
_c202103031952
_dAUTHORITY
_c201707060740
_dVLOAD
040 _aSKPK
_bslo
_cSKPK
041 1 _aslo
_heng
044 _axo
_cSK
080 _a641.5(083.12)
_21981
100 1 _aSumm, Ursula,
_d1947-
_4aut
245 1 0 _aVeľká kuchárska kniha oddelenej stravy
_bnové recepty s prehľadom hlavných potravín oddelenej stravy
_cUrsula Summová ; [z anglického originálu prel. Alžbeta Stančevová]
260 _aMartin
_bNeografia
_c1994
300 _a127 s. viaz.
490 1 _aZdravie a št©Ưhla l©Ưnia pod♯¾a Dr. Haya
650 0 7 _aoddelená strava
_2SKPK
650 0 7 _ajedlá
_2SKPK
650 0 7 _arecepty Ursuly Summovej
_2SKPK
650 0 7 _akuchárske knihy
_2SKPK
700 1 _aStančevová, Alžbeta
_4trl
830 0 _aZdravie a št©Ưhla l©Ưnia pod♯¾a Dr. Haya
942 _2ddc
_cOLDO
_n0
949 _asvkpoC 29853
_bsvkpo406904
_oPV 897/95
_s6720:20051205
949 _6270001000026605
_asvkbbC 36978
_p589.820
949 _617A0035439
_9P60, <04>, [BOOK], {604}
_asnkSB 53428 D1
949 _617A0558675
_asnkSB 53428
_bsnkKSP 634/95
_onáhrada, originál
_s6100:20160606
999 _c20834
_d20834